<?xml version="1.0" encoding="UTF-8"?><?xml-stylesheet type="text/xsl" href="static/style.xsl"?><OAI-PMH xmlns="http://www.openarchives.org/OAI/2.0/" xmlns:xsi="http://www.w3.org/2001/XMLSchema-instance" xsi:schemaLocation="http://www.openarchives.org/OAI/2.0/ http://www.openarchives.org/OAI/2.0/OAI-PMH.xsd"><responseDate>2026-04-27T14:36:41Z</responseDate><request verb="GetRecord" identifier="oai:uvadoc.uva.es:10324/56541" metadataPrefix="marc">https://uvadoc.uva.es/oai/request</request><GetRecord><record><header><identifier>oai:uvadoc.uva.es:10324/56541</identifier><datestamp>2022-10-26T19:01:20Z</datestamp><setSpec>com_10324_38</setSpec><setSpec>col_10324_852</setSpec></header><metadata><record xmlns="http://www.loc.gov/MARC21/slim" xmlns:doc="http://www.lyncode.com/xoai" xmlns:xsi="http://www.w3.org/2001/XMLSchema-instance" xmlns:dcterms="http://purl.org/dc/terms/" xsi:schemaLocation="http://www.loc.gov/MARC21/slim http://www.loc.gov/standards/marcxml/schema/MARC21slim.xsd">
<leader>00925njm 22002777a 4500</leader>
<datafield tag="042" ind1=" " ind2=" ">
<subfield code="a">dc</subfield>
</datafield>
<datafield tag="720" ind1=" " ind2=" ">
<subfield code="a">Huerta Poza, Beatriz Zhu</subfield>
<subfield code="e">author</subfield>
</datafield>
<datafield tag="260" ind1=" " ind2=" ">
<subfield code="c">2022</subfield>
</datafield>
<datafield tag="520" ind1=" " ind2=" ">
<subfield code="a">En este trabajo se describe la importancia de una adecuada alimentación y de unos buenos&#xd;
hábitos alimentarios durante la infancia con el fin de proporcionar una vida adulta&#xd;
saludable.&#xd;
Además, se explica la importancia que tienen las escuelas y sobre todo los comedores&#xd;
escolares para conseguir estos hábitos en los primeros años de vida. También se hace&#xd;
hincapié en la labor educativa de los monitores y coordinadores en este espacio, así como&#xd;
su papel en la detección de enfermedades alimentarias o posibles trastornos de salud.&#xd;
Por último, se hace un análisis del menú del comedor escolar de un centro educativo de&#xd;
la ciudad de Valladolid, gracias a la información obtenida mediante entrevistas con la&#xd;
coordinadora y la monitora del comedor del centro. Se realiza una propuesta de mejora&#xd;
tomando como referencia este caso.</subfield>
</datafield>
<datafield tag="520" ind1=" " ind2=" ">
<subfield code="a">This work describes the importance of a proper nutrition and eating habits during&#xd;
childhood in order to provide a healthy adult life.&#xd;
In addition, it explains the importance the schools and the school canteens to achieve&#xd;
these habits in the first years of life. Also emphasizes on the educational work of the&#xd;
monitors and coordinators in this space, and the role in the detection of food diseases or&#xd;
possible health disorders.&#xd;
Finally, an analysis of the menu of a school canteen in the city of Valladolid is made&#xd;
thanks to the information through the interviews with the coordinator and the monitor of&#xd;
the canteen of the center. An improvement proposal is made taking this case as a&#xd;
reference.</subfield>
</datafield>
<datafield tag="024" ind2=" " ind1="8">
<subfield code="a">https://uvadoc.uva.es/handle/10324/56541</subfield>
</datafield>
<datafield tag="245" ind1="0" ind2="0">
<subfield code="a">La alimentación y el aula de educación infantil: los comedores escolares</subfield>
</datafield>
</record></metadata></record></GetRecord></OAI-PMH>